[Event "Igualada and Anoia op 9th"]
[Site "Igualada"]
[Date "2014.02.01"]
[Round "3"]
[White "Serrano Moron, Eloi"]
[Black "Suner Olmo, Antoni"]
[Result "1-0"]
[WhiteElo "1672"]
[BlackElo "1320"]
[PlyCount "61"]
[EventDate "2014.01.11"]
[EventType "swiss"]
[EventRounds "8"]
[EventCountry "ESP"]
[SourceTitle "EXT 2024"]
[Source "ChessBase"]
[SourceDate "2023.10.10"]
[SourceVersion "1"]
[SourceVersionDate "2023.10.10"]
[SourceQuality "1"]

1. e4 b6 2. d4 Bb7 3. Nc3 Nf6 4. e5 Ne4 5. Nxe4 Bxe4 6. Nf3 h6 7. Bc4 e6 8. Be3 Nc6 9. 0-0 g5 10. c3 Na5 11. Be2 f6 12. Nd2 Bb7 13. Bh5+ Ke7 14. f4 f5 15. fxg5 d6 16. Nf3 Nc4 17. Bc1 Bg7 18. Nh4 Kd7 19. Nxf5 exf5 20. Qa4+ Bc6 21. Qxc4 d5 22. e6+ Kc8 23. Qxc6 Kb8 24. Rxf5 hxg5 25. Bxg5 Qd6 26. Qxd6 cxd6 27. Bf3 Re8 28. Bxd5 Bf8 29. Bxa8 Kxa8 30. Re1 Kb7 31. e7 1-0